| 000 | 00939nam a22002897a 4500 | ||
|---|---|---|---|
| 001 | BR9402561 | ||
| 003 | BR-BrBNA | ||
| 005 | 20230928094019.0 | ||
| 007 | ta | ||
| 008 | 230509b bl.||||| |||| 00| 0 por d | ||
| 040 |
_aBR-BrBNA _bpor _cBiblioteca Nacional de Agricultura |
||
| 041 | _a(Por) | ||
| 072 |
_aQ04 _b1225 _b3710 |
||
| 090 | _ 1225 BR9402561 | ||
| 100 | 1 | _aDemiate, I.M. | |
| 110 | 1 |
_aEscola Superior de Agricultura Luiz de Queiroz, Piracicaba, SP (Brasil) _0Tese (Mestre em Ciencias) |
|
| 245 | 1 | _aCaracteristicas de qualidade do amido de castanha europeia (Castanea sativa, Mill) | |
| 260 | 3 |
_aPiracicaba, SP (Brasil): _c1993. |
|
| 300 | _a86 p. | ||
| 500 | _a10 graphs; 18 tables; Summaries (Eng, Por); Bibliography p. 70-86 (99 ref.) | ||
| 650 | _aCastanha da Europa | ||
| 650 | _aAmido | ||
| 650 | _aAnalise Quimica | ||
| 650 | _aAnalise Qualitativa | ||
| 909 |
_a202309 _bLucia _c55 _dLucia Elande |
||
| 942 | _cBK | ||
| 999 |
_c48424 _d48424 |
||